000 00380nam a2200157Ia 4500
008 230312s9999||||xx |||||||||||||| ||und||
020 _a81-7722-056-x
082 _a005.133
_bHOL
100 _aHolzner Steven
245 0 _aJAVA 2
260 _bDreamtech Press
_aNew Delhi
300 _a1143
546 _aEng.
650 _aComputer
_vIn Depth , Immediate solutions
942 _cBK
999 _c3223
_d3223